000
00312nam a22001457a 4500
008
210511b ||||| |||| 00| 0 eng d
020
_a
9780872204645
041
_a
eng
080
_2
2nd
_a
101
082
_a
101
100
_a
24
101
_a
FIL
245
_a
Nichomachean Ethics
_c
Irwin,E
942
_2
udc
_c
BK
999
_c
57242
_d
57242